000 00591nam a22001937a 4500
999 _c196611
_d196611
005 20230718152016.0
010 _aUR-12077
020 _a9789383239412
_c225.00
035 _aU-10632
037 _bDBAD/PUB
082 _a841
100 _aاطہر سلطا نہ
245 _aتاثیر و تنقید /
_cاطہر سلطا نہ
246 _aTaseer-wo Tanqeed /
_bby Athar Sultana
260 _aNew Delhi
_bApplied Books
_c2016 ء
270 _a1739/10, Pataudi House, Darya Ganj
_bNew Delhi
_e110002
300 _a143ص
_c22cm(pbk)
942 _2ddc
_cUR
_h841
_mا ط ہ